[Event "POL-chT 58th 2nd League"]
[Site "Wisla"]
[Date "2002.??.??"]
[Round "?"]
[White "Byrka, Mariusz"]
[Black "Lagowski, Patryk"]
[Result "1-0"]
[WhiteElo "2229"]
[BlackElo "2320"]
[PlyCount "40"]
[EventDate "2002.08.30"]
[EventType "team-swiss"]
[EventRounds "11"]
[EventCountry "POL"]
[SourceTitle "EXT 2019"]
[Source "ChessBase"]
[SourceDate "2018.10.10"]
[SourceVersion "1"]
[SourceVersionDate "2018.10.10"]
[SourceQuality "1"]
[BlackTeam "Warszawa Damis"]
[BlackTeamCountry "POL"]

1. e4 c5 2. Nf3 d6 3. d4 cxd4 4. Nxd4 Nf6 5. Nc3 Nc6 6. Bg5 e6 7. Qd2 a6 8. 0-0-0 Bd7 9. f3 h6 10. Be3 Qc7 11. g4 Ne5 12. Kb1 b5 13. Bd3 Nc4 14. Bxc4 Qxc4 15. h4 g6 16. Nb3 b4 17. Ne2 a5 18. g5 hxg5 19. Bxg5 Nh5 20. Nf4 Ra6 1-0

[Event "POL-chT 58th 2nd League"]
[Site "Wisla"]
[Date "2002.??.??"]
[Round "?"]
[White "Grabowski, Pawel"]
[Black "Byrka, Mariusz"]
[Result "1-0"]
[WhiteElo "2228"]
[BlackElo "2229"]
[PlyCount "40"]
[EventDate "2002.08.30"]
[EventType "team-swiss"]
[EventRounds "11"]
[EventCountry "POL"]
[SourceTitle "EXT 2019"]
[Source "ChessBase"]
[SourceDate "2018.10.10"]
[SourceVersion "1"]
[SourceVersionDate "2018.10.10"]
[SourceQuality "1"]
[WhiteTeam "Torun Torfarm 64"]
[WhiteTeamCountry "POL"]

1. d4 Nf6 2. Nf3 c5 3. d5 b5 4. Bg5 Qb6 5. Nc3 d6 6. Bxf6 gxf6 7. e4 b4 8. Na4 Qa5 9. b3 Bg7 10. Nb2 Nd7 11. Nc4 Qc7 12. Bd3 f5 13. Rb1 Bc3+ 14. Nfd2 fxe4 15. Bxe4 Nf6 16. 0-0 Rg8 17. Qf3 Qd7 18. Kh1 Qg4 19. Qe3 Bd4 20. Qe1 Nxe4 1-0

[Event "POL-chT2 South"]
[Site "Ustron"]
[Date "2001.09.??"]
[Round "?"]
[White "Byrka, Mariusz"]
[Black "Wesolowski, Tadeusz"]
[Result "1-0"]
[WhiteElo "2228"]
[BlackElo "2171"]
[PlyCount "27"]
[EventDate "2001.09.14"]
[EventType "team-swiss"]
[EventRounds "10"]
[EventCountry "POL"]
[SourceTitle "EXT 2019"]
[Source "ChessBase"]
[SourceDate "2018.10.10"]
[SourceVersion "1"]
[SourceVersionDate "2018.10.10"]
[SourceQuality "1"]

1. e4 c5 2. Nf3 g6 3. d4 Bg7 4. Nc3 b6 5. Be3 d6 6. dxc5 dxc5 7. Qxd8+ Kxd8 8. 0-0-0+ Bd7 9. Bc4 e6 10. Nb5 a6 11. Nd6 Ke7 12. e5 f6 13. Rhe1 h6 14. Nh4 1-0

[Event "POL-chT 2nd League South"]
[Site "Wisla"]
[Date "1998.??.??"]
[Round "?"]
[White "Byrka, Mariusz"]
[Black "Gola, Martin"]
[Result "1-0"]
[WhiteElo "2260"]
[BlackElo "2320"]
[PlyCount "135"]
[EventDate "1998.11.20"]
[EventType "team-swiss"]
[EventRounds "10"]
[EventCountry "POL"]
[SourceTitle "EXT 2000"]
[Source "ChessBase"]
[SourceDate "1999.11.16"]
[SourceVersion "1"]
[SourceVersionDate "1999.11.16"]
[SourceQuality "1"]

1. e4 c6 2. d4 d5 3. exd5 cxd5 4. c4 Nf6 5. Nc3 Nc6 6. Nf3 Bg4 7. cxd5 Nxd5 8. Be2 e6 9. Qb3 Qb6 10. Qxb6 Nxb6 11. Be3 Be7 12. h3 Bh5 13. 0-0 0-0 14. Rad1 Nb4 15. g4 Bg6 16. Ne5 N4d5 17. Bd2 Bc2 18. Rc1 Nxc3 19. Bxc3 Be4 20. f3 Bd5 21. b3 Rac8 22. Bb2 Rxc1 23. Rxc1 Rc8 24. Rxc8+ Nxc8 25. Kf2 Nb6 26. Bc3 g6 27. Nd3 Nd7 28. Nb4 Nb6 29. Bd1 h5 30. a4 Bxb4 31. Bxb4 hxg4 32. fxg4 a6 33. Bd6 Nd7 34. Ke3 Nf6 35. Be5 Nd7 36. a5 f6 37. Bd6 Kf7 38. b4 Bc6 39. Bb3 g5 40. Kf2 Bd5 41. Bc2 Bc6 42. Kg3 Bd5 43. h4 gxh4+ 44. Kxh4 Kg7 45. g5 fxg5+ 46. Kxg5 Bc4 47. Be4 Bd5 48. Bd3 Bc6 49. Bc7 Bd5 50. b5 axb5 51. Bxb5 Nf8 52. Be8 Nh7+ 53. Kf4 Kf8 54. Bg6 Nf6 55. Bd6+ Kg7 56. Bd3 Kf7 57. Bb5 Ne4 58. Bb4 Nf6 59. Ke5 Ne8 60. Be2 Ng7 61. Bc5 Nf5 62. Bh5+ Kg7 63. Bg4 Bc4 64. d5 Nh6 65. Bxe6 Nf7+ 66. Kd4 Bb5 67. Be7 Kg6 68. d6 1-0

[Event "POL-chT 2nd League South"]
[Site "Wisla"]
[Date "1998.??.??"]
[Round "?"]
[White "Latas, Boguslaw"]
[Black "Byrka, Mariusz"]
[Result "1/2-1/2"]
[WhiteElo "2275"]
[BlackElo "2260"]
[PlyCount "102"]
[EventDate "1998.11.20"]
[EventType "team-swiss"]
[EventRounds "10"]
[EventCountry "POL"]
[SourceTitle "EXT 2000"]
[Source "ChessBase"]
[SourceDate "1999.11.16"]
[SourceVersion "1"]
[SourceVersionDate "1999.11.16"]
[SourceQuality "1"]

1. e4 d5 2. exd5 Nf6 3. c4 c6 4. Nc3 cxd5 5. cxd5 Nxd5 6. Bc4 e6 7. Nf3 Be7 8. 0-0 0-0 9. d4 Nc6 10. Re1 Ncb4 11. Ne5 Nxc3 12. bxc3 Nd5 13. Qf3 f5 14. Bd2 Bf6 15. Bb3 b5 16. Nd3 Rb8 17. Nc5 Nc7 18. Nxe6 Nxe6 19. Bxe6+ Bxe6 20. Rxe6 b4 21. Bf4 Rb6 22. Rxb6 axb6 23. cxb4 Qxd4 24. Rd1 Qb2 25. a4 Re8 26. Qc3 Qe2 27. Qc4+ Kh8 28. g3 h6 29. Qd3 Qe6 30. Be3 Rd8 31. Qb1 Ra8 32. Qc2 Bg5 33. Bxg5 hxg5 34. Qd2 f4 35. Qd5 Qxd5 36. Rxd5 Rxa4 37. gxf4 Rxb4 38. fxg5 Rg4+ 39. Kf1 Kh7 40. h3 Rc4 41. Kg2 Kg6 42. Kg3 Rc5 43. Rd6+ Kxg5 44. Rxb6 Ra5 45. h4+ Kh5 46. Rb7 Kh6 47. Kg4 g6 48. Re7 Ra4+ 49. f4 Ra1 50. Re6 Rg1+ 51. Kf3 Kg7 1/2-1/2

[Event "POL-chT reg"]
[Site "Poland"]
[Date "1995.??.??"]
[Round "?"]
[White "Toczek, Grzegorz"]
[Black "Byrka, Mariusz"]
[Result "0-1"]
[WhiteElo "2270"]
[BlackElo "2255"]
[PlyCount "122"]
[EventDate "1995.??.??"]
[EventType "team"]
[EventRounds "11"]
[EventCountry "POL"]
[SourceTitle "EXT 2001"]
[Source "ChessBase"]
[SourceDate "2000.11.22"]
[SourceVersion "1"]
[SourceVersionDate "2000.11.22"]
[SourceQuality "1"]

1. e4 d5 2. exd5 Nf6 3. Bb5+ Bd7 4. Bc4 Bg4 5. f3 Bf5 6. Nc3 Nbd7 7. d4 Nb6 8. Bb3 Nfxd5 9. Nge2 e6 10. Ne4 Bxe4 11. fxe4 Qh4+ 12. Ng3 Bd6 13. e5 Bb4+ 14. Kf2 0-0-0 15. a3 Be7 16. Re1 f5 17. Kg1 Rhf8 18. c4 Nf4 19. Be3 Nxg2 20. Kxg2 f4 21. Bf2 fxg3 22. Bxg3 Qxd4 23. Qxd4 Rxd4 24. Re2 Bg5 25. Bf2 Rg4+ 26. Kh3 h5 27. Bg3 Rf3 28. Bd1 Rxc4 29. Re1 Rf8 30. Bb3 Rc6 31. Rf1 Rh8 32. Rf7 h4 33. Bf2 Nd5 34. Bxd5 exd5 35. Rxg7 Bf4 36. Bd4 Re6 37. Re1 Rhe8 38. Kxh4 Bxe5 39. Bxe5 Rxe5 40. Rxe5 Rxe5 41. Kg3 d4 42. Rg8+ Kd7 43. Rg7+ Kd6 44. Rf7 Re3+ 45. Kg4 Re2 46. h4 Rxb2 47. Rf1 Rh2 48. Kg3 Re2 49. h5 c5 50. h6 Re8 51. Rf5 d3 52. Rf2 c4 53. h7 Rh8 54. Kf3 Rxh7 55. Ke3 Ke5 56. Kd2 Ke4 57. Kc3 Ke3 58. Rf8 Re7 59. Rh8 b5 60. Rh1 Kf2 61. Rh2+ Kg3 0-1